| 000 | 00817 a2200217 4500 | ||
|---|---|---|---|
| 001 | 64029 | ||
| 005 | 20260521160829.0 | ||
| 008 | 260521a1964 arg spa d | ||
| 003 | AR-UNSa-BCEJYS | ||
| 040 |
_aAR-UNSa-BCEJYS _bspa _cAR-UNSa-BCEJYS |
||
| 080 |
_a658.01 _xMetodología. Teoría y práctica de la organización( teoria de la organización, análisis organizacional...) |
||
| 245 | 1 | 0 | _aProgramación, organización y control |
| 250 | _a3a. ed. | ||
| 264 | 1 |
_aBilbao : _bEdiciones Deusto _c1964 |
|
| 300 |
_a543 p. _c25 cm. |
||
| 505 | _aPrimera Parte: Programación - Segunda Parte: Organización - Tercera Parte: Personal ejecutivo - Cuarta Parte: Dirección - Quinta Parte: Control - | ||
| 041 | _aspa | ||
| 942 | _cBK | ||
| 590 | _aniveau_biblio:m niveau_hierar:0 | ||
| 100 | 1 | _aNewman, William H. | |
| 999 |
_c36506 _d36506 |
||